El anfitrión

Uloženo v:
Podrobná bibliografie
Hlavní autor: Edwards, Jorge (Autor)
Médium: Kniha
Jazyk:španělština
Vydáno: Santiago Planeta 1987
Vydání:1a. ed
Edice:Biblioteca del Sur
Témata:
Tagy: Přidat tag
Žádné tagy, Buďte první, kdo vytvoří štítek k tomuto záznamu!

MARC

LEADER 00000cam a2200000 a 4500
001 UCX4796
003 CL-VaPUC
008 920730e19870000CL |||||||||||||||||spa|d
020 |a 9562470112 
082 0 4 |a Ch863  |b EDW  |2 21 
100 0 |a Edwards, Jorge  |e author  |9 321075 
245 1 3 |a El anfitrión 
250 |a 1a. ed 
300 |a 201 p 
942 |c BK 
945 |d 19920730 00:00:00 
260 |a Santiago  |b Planeta  |c 1987 
650 0 |a Novelas chilenas   |9 265425 
583 |a last modification  |c 20160805 09:31:16  |k Rodrigo Vera 
490 0 |a Biblioteca del Sur 
999 |c 225186  |d 225184 
952 |0 0  |1 0  |4 0  |6 CH_863_000000000000000_EDW_1987  |7 0  |8 A  |9 222507  |a BIBEDU  |b BIBEDU  |d 2019-11-15  |i 2913143  |o Ch863 EDW 1987  |p 2913143  |r 2019-11-15  |w 2019-11-15  |y BK  |k LIT 
952 |0 0  |1 0  |3 erb  |4 0  |6 CH_863_000000000000000_EDW_1987  |7 0  |8 A  |9 222508  |a BIBEDU  |b BIBEDU  |i 5336589  |o Ch863 EDW 1987  |p 5336589  |r 2019-11-15  |w 2019-11-15  |y BK  |z Catalogado en:20160807  |k EPE